000 00307pab a2200133 454500
008 180718b2001 xxu||||| |||| 00| 0 eng d
100 _aButt, Muheet Ahmed
245 _aInternet: a better way
260 _c2001
300 _ap.191-204
650 _aInternet
773 _aBusiness Review
909 _a49706
999 _c49706
_d49706